• 首页
  • 本馆介绍
  • 公告通知
  • 最新文献
  • 馆藏检索
  • 电子资源
  • 读者导购
  • 参考咨询
  • 我的图书馆
  • 登录
  • 详细信息显示
  • 放入我的书架
  • 预约/预借图书
  • 作者相关作品
  • 分类相关作品
  • 丛书相关作品
  • 出版社相关作品

书目信息

  • 表格格式
  • 工作单格式
  • 卡片格式
题名:
2024年国家法律职业资格考试通用教材
    
 
作者: 肖沛权 编著
分册: 第五册   刑事诉讼法
出版信息: 北京   中国政法大学出版社  2024
页数: 403页
开本: 26cm
丛书名:
单 册:
中图分类: D920.4 , D9
科图分类:
主题词: 中华人民共和国刑事诉讼法--资格考试--教材 , 法律
电子资源:
ISBN: 978-7-5764-1275-8
000 01576nam0 2200289 450
001 012024000085
005 20240925153219.09
010    @a978-7-5764-1275-8@dCNY79.00
100    @a20240924d2024 em y0chiy50 ea
101 0  @achi
102    @aCN@b110000
105    @ak z 000yy
106    @ar
200 1  @a2024年国家法律职业资格考试通用教材@A2024 nian guo jia fa lu zhi ye zi ge kao shi tong yong jiao cai@h第五册@i刑事诉讼法@f肖沛权编著
210    @a北京@c中国政法大学出版社@d2024
215    @a403页@d26cm
300    @a法大法考 肖沛权廛刑诉法
314    @a肖沛权,中国政法大学教授、博士生导师、法学博士。在《法商研究》《法学)《政法论坛》《比较法研究》等期刊发表论文数十篇,出版个人学术专著《排除合理怀疑研究)等两部,合著、参编教材多部,主持、参与省部级项目多项。
330    @a本书为刑事诉讼法部分。第一章:刑事诉讼概述,第二章:刑事诉讼法的基本原则,第三章:刑事诉讼中的专门机关于参与人,第四章:管辖,第五章:回避,第六章:辩护与代理,第七章:刑事证据,第八章:强制措施,第九章:附带民事诉讼,第十章:期间、送达,第十一章:立案,第十二章:侦查,第十三章:起诉,第十四章:刑事审判概述,第十五章:第一审程序,第十六章:第二审程序,第十七章:死刑复核程序,第十八章:审判监督程序,第十九章:执行,第二十章:未成年人刑事案件诉讼程序等。以框架体系为主线,以基本考点为中心,案例分析为载体。
517 1  @a刑事诉讼法@Axing shi su song fa
606 0  @a中华人民共和国刑事诉讼法@x资格考试@j教材
606 0  @a法律
690    @aD920.4@v5
690    @aD9@v4
701  0 @a肖沛权@Axiao pei quan@4编著
801  0 @aCN@bAHXH@c20240924
905    @b214132981@b214132990@b214133007@b214133016@b214133025@dD9@e920:5@f5
    
    2024年国家法律职业资格考试通用教材.第五册.刑事诉讼法/肖沛权编著.-北京:中国政法大学出版社,2024
    403页;26cm
    法大法考 肖沛权廛刑诉法
    
    ISBN 978-7-5764-1275-8:CNY79.00
    本书为刑事诉讼法部分。第一章:刑事诉讼概述,第二章:刑事诉讼法的基本原则,第三章:刑事诉讼中的专门机关于参与人,第四章:管辖,第五章:回避,第六章:辩护与代理,第七章:刑事证据,第八章:强制措施,第九章:附带民事诉讼,第十章:期间、送达,第十一章:立案,第十二章:侦查,第十三章:起诉,第十四章:刑事审判概述,第十五章:第一审程序,第十六章:第二审程序,第十七章:死刑复核程序,第十八章:审判监督程序,第十九章:执行,第二十章:未成年人刑事案件诉讼程序等。以框架体系为主线,以基本考点为中心,案例分析为载体。
●
相关链接 在E读中查询图书 在五车中查询图书 在当当中查询图书 在豆瓣中查询图书


正题名:2024年国家法律职业资格考试通用教材     索取号:D9/920:5         预约/预借

序号 登录号 条形码 馆藏地/架位号 状态 备注
1 1413298   214132981   第一样本阅览室/ [索取号:D9/920:5] 在馆    
2 1413299   214132990   第一借阅区/ [索取号:D9/920:5] 在馆    
3 1413300   214133007   第一借阅区/ [索取号:D9/920:5] 在馆    
4 1413301   214133016   第一借阅区/ [索取号:D9/920:5] 在馆    
5 1413302   214133025   第一借阅区/ [索取号:D9/920:5] 在馆    
唐山师范学院图书馆 欢迎您!
大连网信软件有限公司© 版权所有